000 00554nam a2200181Ia 4500
008 100920s9999 xx 000 0 und d
082 _b93548
_a24 न 04
100 _aदुबे सुरेश.
245 _aचलो गाँव की ओर.
260 _bअपराजिता इलाहबाद.
_c2004
300 _a48
_bसाधी
365 _b50
520 _aसायो.
630 _aचलो गाँव की ओर.
650 _aसायो.
730 _aचलो गाँव की ओर.
942 _cBOOK
999 _c733991
_d733988